| 000 | 00507nam a2200157Ia 4500 | ||
|---|---|---|---|
| 003 | GCL | ||
| 005 | 20240530105327.0 | ||
| 008 | 140319s9999 xx 000 0 ara d | ||
| 040 |
_aGCL / _cGCL |
||
| 082 | 0 | 4 |
_a910.0365 _bع ج |
| 100 | 0 | _aعبدالرحمن حميدة | |
| 245 | 1 | 0 |
_aجغرافية سورية البشرية / _cعبدالرحمن حميدة |
| 260 |
_a[S.N] : _bجامعة الدول العربية: معهد البحوث والدراس ، _c1971 |
||
| 300 | _a182 ص | ||
| 942 |
_2ddc _cBK |
||
| 999 |
_c54949 _d54949 |
||